| 000 | 00430nam a2200157 i 4500 | ||
|---|---|---|---|
| 001 | 56014 | ||
| 003 | ES-MaACL | ||
| 005 | 20230906163252.0 | ||
| 007 | t| | ||
| 008 | 031001s1964 sp ||||1| spa d | ||
| 100 | 1 |
_aDíaz Muñoz, Aurelio. _944367 |
|
| 245 | 1 | 0 |
_aTierra, mar y cielo de Huelva / _cAurelio Díaz Muñoz. |
| 260 |
_aValencia : _b[s.n.], _c1964. |
||
| 300 |
_a75 p. ; _c25 cm. |
||
| 852 |
_aES-MaACL _jC-2814 _bR.55113 |
||
| 999 |
_c56014 _d56014 |
||